| 000 | 00875nam a22002057a 4500 | ||
|---|---|---|---|
| 003 | 0 | ||
| 005 | 20250207132441.0 | ||
| 008 | 250207b xxu||||| |||| 00| 0 eng d | ||
| 050 |
_aTL 152.8 _b.T65 2024 |
||
| 100 | _aTolentino, Keane Andre D. | ||
| 245 |
_aYodasort _ba yolo-based level zero advanced driver assistance system with deep simple online and realtime tracking _cKeane Andre D. Tolentino |
||
| 260 |
_aLas Pinas City _bSouthville International School and Colleges _c2024 |
||
| 300 |
_axii, 116 pages: _bcolored pictures and illustrations; _c28cm. |
||
| 500 | _aBachelor of Science in Information Technology. | ||
| 504 | _aIncludes bibliographical references and appendices. | ||
| 650 | _aAutomobile driver assistance systems. | ||
| 650 | _aArtificial intelligence—Applications in vehicles. | ||
| 650 | _aComputer vision in transportation. | ||
| 942 |
_2lcc _cTH |
||
| 999 |
_c367154 _d367154 |
||